00281 a2200109 4500001000700000020000600007040001100013100000900024240006700033245006200100362000900162169701 a  cMagnum aVeja10aVeja na sala de aula: lixo bem tratado, planeta recicladolpor10aVeja na sala de aula: lixo bem tratado, planeta reciclado0 a1899